书目信息 |
| 题名: |
海南岛
|
|
| 作者: | 魏伯南 主编 | |
| 分册: | ||
| 出版信息: | 北京 中国旅游出版社 2005.01 |
|
| 页数: | 239页 | |
| 开本: | 21cm | |
| 丛书名: | 漫游中国系列丛书 | |
| 单 册: | ||
| 中图分类: | K928.966 | |
| 科图分类: | ||
| 主题词: | 旅游指南--海南 | |
| 电子资源: | ||
| ISBN: | 7-5032-1382-5 | |
| 000 | 00789nam 2200241 450 | |
| 001 | 0161383395 | |
| 005 | 20050901030930.75 | |
| 010 | @a7-5032-1382-5@dCNY32.00 | |
| 100 | @a20050314d2005 km y0chiy0120 ea | |
| 101 | 0 | @achi |
| 102 | @aCN@b110000 | |
| 105 | @aa z 000yy | |
| 200 | 1 | @a海南岛@Ahai nan dao@f魏伯南主编@Fwei bo nan zhu bian |
| 210 | @a北京@c中国旅游出版社@d2005.01 | |
| 215 | @a239页@c图@d21cm | |
| 225 | 2 | @a漫游中国系列丛书 |
| 330 | @a本书全面系统简洁地介绍了海南省的自然地理、历史文化、风土人情和经济社会发展情况,广泛宣传海南省,使海南省更好地走向全国、走向世界。 | |
| 410 | 0 | @12001 @a漫游中国系列丛书 |
| 606 | 0 | @a旅游指南@y海南 |
| 690 | @aK928.966@v4 | |
| 701 | 0 | @a魏伯南@Awei bo nan@4主编 |
| 801 | 0 | @aCN@bQSSK@c20050901 |
| 905 | @a10447@dK928.966@eW577 | |
| 海南岛/魏伯南主编.-北京:中国旅游出版社,2005.01 |
| 239页:图;21cm.-(漫游中国系列丛书) |
| ISBN 7-5032-1382-5:CNY32.00 |
| 本书全面系统简洁地介绍了海南省的自然地理、历史文化、风土人情和经济社会发展情况,广泛宣传海南省,使海南省更好地走向全国、走向世界。 |
| ● |
| 相关链接 |
|
|
|
正题名:海南岛
索取号:K928.966/W577
 
预约/预借
| 序号 | 登录号 | 条形码 | 馆藏地/架位号 | 状态 | 备注 |
| 1 | 566772 | 205667722 | 社科库309/309社科库 24排1列4层/ [索取号:K928.966/W577] | 在馆 | |
| 2 | 566773 | 205667731 | 社科库309/309社科库 24排1列4层/ [索取号:K928.966/W577] | 在馆 | |
| 3 | 566774 | 205667740 | 社科库309/309社科库 24排1列4层/ [索取号:K928.966/W577] | 在馆 |